000 00281nam a22001337a 4500
008 181206b xxu||||| |||| 00| 0 eng d
020 _a070573344
041 _aeng
080 _24th
_a541
100 _a12
101 _aKIM
245 _aChemistry
_cSienko,M.J
942 _2udc
_cBK
999 _c52915
_d52915